Southville International School and Colleges
Your cart is empty.
  • Cart
  • Lists
    Public lists list_1 View all
    Your lists Log in to create your own lists
  • Log in to your account
  • Your cookies
  • Search history
Southville International School and Colleges
  • Advanced search
  • Recent comments
  • Most popular
  • Libraries

Log in to your account

Log in with GOOGLE


If you do not have an external account, but do have a local account, you can still log in:

  1. Home
  2. MARC view: The Encyclopedia Americana, v.3.
Normal view MARC view ISBD view

The Encyclopedia Americana, v.3. (Record no. 112194)

[ view plain ]
MARC details
000 -LEADER
fixed length control field 00477nam a2200169 a 4500
001 - CONTROL NUMBER
control field 3859
005 - DATE AND TIME OF LATEST TRANSACTION
control field 20140414131930.0
008 - FIXED-LENGTH DATA ELEMENTS--GENERAL INFORMATION
fixed length control field 040602s19uu xx 00 eng d
020 ## - INTERNATIONAL STANDARD BOOK NUMBER
International Standard Book Number 0-7172-0122-8
050 ## - LIBRARY OF CONGRESS CALL NUMBER
Classification number REF 030
Item number En1 1991
245 ## - TITLE STATEMENT
Title The Encyclopedia Americana, v.3.
260 ## - PUBLICATION, DISTRIBUTION, ETC. (IMPRINT)
Place of publication, distribution, etc Danbury, Connecticut :
Name of publisher, distributor, etc Grolier,
Date of publication, distribution, etc 1991.
300 ## - PHYSICAL DESCRIPTION
Extent 802 p. ; col. : ill. ; cm.
500 ## - GENERAL NOTE
General note First Published in 1829 [B to Birling]
650 ## - SUBJECT ADDED ENTRY--TOPICAL TERM
Topical term or geographic name as entry element Encyclopedias.
Holdings
Withdrawn status Lost status Damaged status Use restrictions Home library Current library Shelving location Date acquired Source of acquisition Total Checkouts Full call number Barcode Date last seen Price effective from Koha item type
        Munich Library Munich Library Reference Section 06/02/2004     REF 030 En1 1991 M3345 04/14/2014 04/14/2014 Books

The Encyclopedia Americana, v.3.

APA

(1991). The Encyclopedia Americana, v.3. Danbury, Connecticut: Grolier.

Chicago

1991. The Encyclopedia Americana, v.3. Danbury, Connecticut: Grolier.

Harvard

(1991). The Encyclopedia Americana, v.3. Danbury, Connecticut: Grolier.

MLA

The Encyclopedia Americana, v.3. Danbury, Connecticut: Grolier. 1991.

  • Place hold
  • Print
  • Cite
  • Add to your cart (remove)
  • Save record
    BIBTEX Dublin Core MARCXML MARC (non-Unicode/MARC-8) MARC (Unicode/UTF-8) MARC (Unicode/UTF-8, Standard) MODS (XML) RIS
  • More searches
    Search for this title in:
    Other Libraries (WorldCat) Other Databases (Google Scholar) Online Stores (Bookfinder.com) Open Library (openlibrary.org)

Exporting to Dublin Core...

SOUTHVILLE LIBRARY

Southville International School and Colleges Library

1281 Tropical Ave. Cor. Luxembourg St., BF Homes International, Las Pinas City

Tel. No. 8256374 / 252358 Loc. 117/146

Powered by Koha